LEADER 02070nam0 2200433 i 450 001 VAN00114282 005 20241120120353.465 017 70$2N$a9783319280141 100 $a20180131d2016 |0itac50 ba 101 $aeng 102 $aCH 105 $a|||| ||||| 200 1 $aAdvances in dynamic and evolutionary games$etheory, applications, and numerical methods$fFrank Thuijsman, Florian Wagener editors 210 $a[Basel]$cBirkhäuser$cSpringer$d2016 - XVII$d319 p.$cill. ; 24 cm 410 1$1001VAN00114283$12001 $aAnnals of the international society of dynamic games$1210 $aBasel [etc.]$cBirkhäuser$v14 500 1$3VAN00241859$aAdvances in dynamic and evolutionary games$91523077 606 $a91A15$xStochastic games, stochastic differential games [MSC 2020]$3VANC033689$2MF 606 $a91A22$xEvolutionary games [MSC 2020]$3VANC029378$2MF 606 $a91A23$xDifferential games (aspects of game theory) [MSC 2020]$3VANC022887$2MF 606 $a91A24$xPositional games (pursuit and evasion, etc.) [MSC 2020]$3VANC033690$2MF 606 $a91A25$xDynamic games [MSC 2020]$3VANC031391$2MF 610 $aDifferential games$9KW:K 610 $aDynamic Games$9KW:K 610 $aEvolutionary games$9KW:K 610 $aNumerical methods$9KW:K 610 $aPursuit-Evasion games$9KW:K 620 $aCH$dBasel$3VANL002076 702 1$aThuijsman$bFrank$3VANV088404 702 1$aWagener$bFlorian$3VANV088405 712 $aBirkhäuser $3VANV108193$4650 712 $aSpringer $3VANV108073$4650 801 $aIT$bSOL$c20250214$gRICA 856 4 $uhttp://dx.doi.org/10.1007/978-3-319-28014-1$zE-book ? Accesso al full-text attraverso riconoscimento IP di Ateneo, proxy e/o Shibboleth 899 $aBIBLIOTECA CENTRO DI SERVIZIO SBA$2VAN15 912 $fN 912 $aVAN00114282 950 $aBIBLIOTECA CENTRO DI SERVIZIO SBA$d15CONS SBA EBOOK 2051 $e15EB 2051 20180131 996 $aAdvances in dynamic and evolutionary games$91523077 997 $aUNICAMPANIA LEADER 02353nam2 22004573i 450 001 VAN00268255 005 20240806101524.949 017 70$2N$a9781441986382 100 $a20231130d1979 |0itac50 ba 101 $aeng 102 $aUS 105 $a|||| ||||| 200 1 $aˆ1: ‰Structure of topological groups, integration theory, group representations$fby Edwin Hewitt and Kenneth A. Ross 205 $a2. ed 210 $aNew York$cSpringer$d1979 215 $aix, 525 p.$d24 cm 410 1$1001VAN00024107$12001 $aGrundlehren der mathematischen Wissenschaften$eA series of comprehensive texts in mathematics$1210 $aBerlin [etc.]$cSpringer$d1921-$v115 461 1$1001VAN00254387$12001 $aAbstract harmonic analysis$fEdwin Hewitt, Kenneth A. Ross$1210 $aBerlin$cSpringer$1215 $a2 volumi$d24 cm$v1 606 $a22-XX$xTopological groups, Lie groups [MSC 2020]$3VANC020459$2MF 606 $a28-XX$xMeasure and integration [MSC 2020]$3VANC019878$2MF 606 $a28C05$xIntegration theory via linear functionals (Radon measures, Daniell integrals, etc.), representing set functions and measures [MSC 2020]$3VANC022364$2MF 606 $a43-XX$xAbstract harmonic analysis [MSC 2020]$3VANC021258$2MF 610 $aAbstract harmonic analysis$9KW:K 610 $aHarmonic analysis$9KW:K 610 $aIntegrations$9KW:K 610 $aTopological groups$9KW:K 620 $aUS$dNew York$3VANL000011 700 1$aHewitt$bEdwin$3VANV024771$041191 701 1$aRoss$bKenneth A.$3VANV041252$041192 712 $aSpringer $3VANV108073$4650 790 1$aRoss, Kenneth Alan$zRoss, Kenneth A.$3VANV260640 790 1$aRoss, K. A.$zRoss, Kenneth A.$3VANV260641 790 1$aRoss, K.A.$zRoss, Kenneth A.$3VANV260642 801 $aIT$bSOL$c20260403$gRICA 856 4 $uhttps://doi.org/10.1007/978-1-4419-8638-2$zE-book ? Accesso al full-text attraverso riconoscimento IP di Ateneo, proxy e/o Shibboleth 899 $aBIBLIOTECA DEL DIPARTIMENTO DI MATEMATICA E FISICA$1IT-CE0120$2VAN08 912 $fN 912 $aVAN00268255 950 $aBIBLIOTECA DEL DIPARTIMENTO DI MATEMATICA E FISICA$d08DLOAD e-book 7428 $e08eMF7428 20231204 996 $aStructure of topological groups, integration theory, group representations$91437422 997 $aUNICAMPANIA